[Event "Styrian op U14/18 27th"]
[Site "Mureck"]
[Date "2021.08.07"]
[Round "4"]
[White "Hanc, Nejc"]
[Black "Mensah, Dylan"]
[Result "1-0"]
[WhiteElo "1673"]
[BlackElo "1074"]
[PlyCount "63"]
[EventDate "2021.08.04"]
[EventType "swiss"]
[EventRounds "9"]
[EventCountry "AUT"]
[SourceTitle "EXT 2022"]
[Source "ChessBase"]
[SourceDate "2021.10.06"]
[SourceVersion "1"]
[SourceVersionDate "2021.10.06"]
[SourceQuality "1"]

1. c4 d5 2. cxd5 Qxd5 3. Nc3 Qa5 4. d4 c6 5. e4 Nf6 6. Bd2 Qd8 7. e5 Nd5 8. Nxd5 cxd5 9. Bc3 Bf5 10. Bd3 Bxd3 11. Qxd3 e6 12. Ne2 Nc6 13. 0-0 a6 14. a3 Qb6 15. f4 g6 16. Kh1 Bg7 17. g4 Ne7 18. Ng3 Rc8 19. f5 Rc4 20. f6 Bxf6 21. Rxf6 Ng8 22. Rf4 Nh6 23. g5 Nf5 24. Nxf5 gxf5 25. Rh4 Qd8 26. Rg1 Kf8 27. Qe2 b5 28. Qd2 Ke7 29. Bb4+ Kd7 30. Bc5 Kc6 31. b3 Rxd4 32. Bxd4 1-0

[Event "Styrian op U08/12 25th"]
[Site "Mureck"]
[Date "2018.08.05"]
[Round "5"]
[White "Lackner, Simon"]
[Black "Mensah, Dylan"]
[Result "1-0"]
[WhiteElo "1009"]
[BlackElo "848"]
[PlyCount "99"]
[EventDate "2018.08.01"]
[EventType "swiss"]
[EventRounds "9"]
[EventCountry "AUT"]
[SourceTitle "CBM 186 Extra"]
[Source "ChessBase"]
[SourceDate "2018.08.24"]
[SourceVersion "1"]
[SourceVersionDate "2018.08.24"]
[SourceQuality "1"]

1. e4 e5 2. Nf3 Nc6 3. Bb5 Nf6 4. Nc3 a6 5. Bxc6 dxc6 6. Nxe5 Qd4 7. Nf3 Qc4 8. d3 Qc5 9. 0-0 Qd6 10. e5 Qe6 11. exf6 Qxf6 12. Qe2+ Be6 13. Ng5 h6 14. Nxe6 fxe6 15. Bf4 Qxf4 16. Qxe6+ Be7 17. Qg6+ Qf7 18. Qxf7+ Kxf7 19. Rae1 Rae8 20. h3 Bd6 21. Re4 Rxe4 22. Nxe4 Re8 23. Re1 Bf4 24. g3 Bd2 25. Re2 Bb4 26. f4 Bc5+ 27. Kf1 Bd4 28. b4 b6 29. c3 Bf6 30. Nxf6 gxf6 31. Rxe8 Kxe8 32. Kf2 Kf7 33. f5 a5 34. bxa5 bxa5 35. Kf3 h5 36. h4 c5 37. g4 hxg4+ 38. Kxg4 Kg7 39. d4 cxd4 40. cxd4 Kh6 41. d5 Kg7 42. Kh5 Kh7 43. a4 Kg7 44. Kg4 Kf7 45. h5 Kg7 46. Kf4 Kf7 47. Ke4 Ke7 48. h6 Kf7 49. Kd4 Kf8 50. Kc5 1-0

[Event "Styrian op U08/12 25th"]
[Site "Mureck"]
[Date "2018.08.03"]
[Round "3"]
[White "Mensah, Dylan"]
[Black "Shekhovtcov, Ivan"]
[Result "0-1"]
[WhiteElo "848"]
[BlackElo "936"]
[PlyCount "54"]
[EventDate "2018.08.01"]
[EventType "swiss"]
[EventRounds "9"]
[EventCountry "AUT"]
[SourceTitle "CBM 186 Extra"]
[Source "ChessBase"]
[SourceDate "2018.08.24"]
[SourceVersion "1"]
[SourceVersionDate "2018.08.24"]
[SourceQuality "1"]

1. e4 e5 2. Nf3 Nc6 3. Bb5 d6 4. Nc3 Nf6 5. d3 Bd7 6. 0-0 a6 7. Bxc6 Bxc6 8. Bg5 h6 9. Bh4 g5 10. Bg3 h5 11. h4 g4 12. Ng5 Bh6 13. d4 exd4 14. Qxd4 Qe7 15. Nd5 Bxd5 16. exd5 0-0-0 17. Rfe1 Qf8 18. Qxf6 Bg7 19. Qf5+ Kb8 20. Nh7 Qg8 21. Ng5 f6 22. Ne6 Re8 23. Nxg7 Rxe1+ 24. Rxe1 Qxg7 25. b3 Rf8 26. f3 gxf3 27. Bf2 Qxg2# 0-1